02092nam a2200265Ia 4500001000600000003000900006008004100015040001300056040001300069041001300082100002200095100002900117245006100146245006100207250001100268260001100279260001500290260004900305300005700354500132200411650002201733650003101755700001101786700002901797H5770IT-RoPAU130308s9999 xx 000 0 und d aIT-RoPAU cIT-RoPAU aITALIANO aSimonelli Giorgio gCodice Aut. SPICS: 14747 aSpeciale tg. Forme e tecniche del giornalismo televisivo bSpeciale Tg. forme e Tecniche del Giornalismo Televisivo a4a ed. aNOVARA bInterlinea c2005 [1° Ed.:1997 - Ed.Ling.Originale:1997] a"344 p. (prefazione: no ; testo: 344 [pagine: 0-0])" a"Telegiornale: Storia, Modelli, Funzioni di G. Simonelli. Tracce: Viaggio da Rimeditare di G. Tramontana; Parole del Tg di M. Caratti; quelli che ci Parlano, Nuova Identità€ Conduttore Tg di M. Deriu; telegiornali e palinsesti di P. Aroldi; Galassia Tg, Disseminazione del Tg tra Televisione, internet e telefonia mobile di N. Vittadini. Tg fuori dal Tg: Informazione sportiva Quotidiana di P. Abbiezzi; Economia Nei Tg di C. Pota; costume e Societa'Di G. Di Lauro; che Fai Ridi? Informazione, satira e Comicità€ in Strisciala notizia di F. Buscemi; rassegna Stampa e Metainformazione di G. Dainelli; un Tg Under 16, Il Gt ragazzi (Raitre) di L. Ogna; Tg e Altre Culture Din. Vittadini. Testimonianze: regole del Racconto di A.M.Valli; reti All News di E. Carelli; telegiornale Regionale, raccontare Proprio villaggio di E. Chiodi. Panoramiche Estere: 1 speciale Tg, telegiornale Tsi di E. Colomboe R. Benassi; Tg Francese di M. Villa; Informazione televisiva in Gb di E.Midolo; Tg in Germania di C. Valmachino; Tg in Spagna di E. Malinverno; Tgin Australia di C. Oreglia; Influenza Informazione televisiva Americana Suquella Italiana di E. Menduni. Appendici: Otto Film e mezzo Sul telegiornale di G. Simonelli; Telegiornale, Questo Sconosciuto, indicazioni bibliografiche di M. Deriu; I Direttori dei Tg Italiani" aGENERI TELEVISIVI eCodice materia Spics: 6960 aAA.VV. gCodice Aut. SPICS: 12000